<?xml version="1.0" encoding="UTF-8"?>
<marc:record xmlns:marc="http://www.loc.gov/MARC21/slim">
   <marc:leader>00000nam a2200000 a 4500</marc:leader>
   <marc:datafield ind1="0" ind2="0" tag="245">
      <marc:subfield code="a">Logi-Geister</marc:subfield>
   </marc:datafield>
   <marc:datafield ind1="0" ind2="0" tag="245">
      <marc:subfield code="b">Das Logikspiel mit ratternden Zahnrädern</marc:subfield>
   </marc:datafield>
   <marc:datafield ind1=" " ind2="1" tag="264">
      <marc:subfield code="b">Ravensburger</marc:subfield>
      <marc:subfield code="c">2006</marc:subfield>
   </marc:datafield>
   <marc:datafield ind1="1" ind2=" " tag="520">
      <marc:subfield code="a">Was für ein schauriger Spaß: Die Kinder fahren mit der Geisterbahn und lassen sich von den gruseligen Gestalten erschrecken! Doch plötzlich halten die kleinen Autos an und alle Gespenster stehen still. Was ist passiert? Die Zahnräder sind wild ducheinander geraten! Mutig machen sich die cleveren Kinder daran, die Zahnräder wieder an den richtigen Platz zu stecken. Helft ihnen dabei, die Gespenster wieder in Bewegungzu sehten!</marc:subfield>
   </marc:datafield>
</marc:record>
